Odkaz žene

Bibliographic Details
Main Author: Lajčiak, Ladislav, 1945- (Author)
Format: Article
Language:Slovak
Subjects:

MARC

LEADER 00000cab a2200000 a 4500
001 vtls000279569
003 SK-MaSNL
005 20260303221353.0
008 040806|1987 xo | || || || 0 |slo
015 |a SNBRB19rr/mm-uuuuu 
035 |a CL0289687 
040 |a SNKBUCL  |b slo  |c SNKBUCL  |e AACR2 
041 0 |a slo 
044 |a xo  |c SK 
080 |a 885.4-1  |2 1981 
100 1 |a Lajčiak, Ladislav,  |d 1945-  |4 aut  |9 104766 
245 1 0 |a Odkaz žene  |c Ladislav Lajčiak 
655 7 |a slovenská poézia  |2 snkbucl  |9 70444 
773 0 |t Nové knihy  |g Č. 17 (1987), s. [1] 
850 |a Slovenská národná knižnica v Martine  |a MTA001 
852 |a SNK  |b KIS3GCP 
999 |c 2233513  |d 2235443